A study on customer perception towards online delivery service in moodbidiri with reference to homza cart / (Record no. 230841)
[ view plain ]
| 000 -LEADER | |
|---|---|
| fixed length control field | 00597nam a22001577a 4500 |
| 003 - CONTROL NUMBER IDENTIFIER | |
| control field | OSt |
| 005 - DATE AND TIME OF LATEST TRANSACTION | |
| control field | 20240528173034.0 |
| 008 - FIXED-LENGTH DATA ELEMENTS--GENERAL INFORMATION | |
| fixed length control field | 240520b ||||| |||| 00| 0 eng d |
| 040 ## - CATALOGING SOURCE | |
| Transcribing agency | AIMIT LIBRARY |
| 100 ## - MAIN ENTRY--PERSONAL NAME | |
| Personal name | Joseph P Ajith. |
| 9 (RLIN) | 166330 |
| 245 ## - TITLE STATEMENT | |
| Title | A study on customer perception towards online delivery service in moodbidiri with reference to homza cart / |
| Statement of responsibility, etc. | By Ajith Joseph P ; Guided by Rowena Wright. |
| 650 ## - SUBJECT ADDED ENTRY--TOPICAL TERM | |
| Topical term or geographic name entry element | Customer Perception |
| 9 (RLIN) | 168300 |
| 700 ## - ADDED ENTRY--PERSONAL NAME | |
| Personal name | Wright, Rowena. |
| Relator term | Guide |
| 9 (RLIN) | 166331 |
| 856 ## - ELECTRONIC LOCATION AND ACCESS | |
| Materials specified | Homza Cart India Private Limited. |
| Uniform Resource Identifier | <a href="www.homzacart.in">www.homzacart.in</a> |
| Link text | www.homzacart.in |
| 942 ## - ADDED ENTRY ELEMENTS (KOHA) | |
| Source of classification or shelving scheme | Dewey Decimal Classification |
| Koha item type | Project Report |
| Withdrawn status | Lost status | Source of classification or shelving scheme | Damaged status | Not for loan | Collection code | Home library | Current library | Shelving location | Date acquired | Total Checkouts | Barcode | Date last seen | Copy number | Price effective from | Koha item type |
|---|---|---|---|---|---|---|---|---|---|---|---|---|---|---|---|
| Dewey Decimal Classification | Not for loan | Project Report MBA | St Aloysius Institute of Management & Information Technology | St Aloysius Institute of Management & Information Technology | Dissertations | 05/20/2024 | PRB01866 | 05/20/2024 | 2016009 | 05/20/2024 | Project Report |